000
00281nam a22001217a 4500
008
170710b xxu||||| |||| 00| 0 eng d
041
_a
eng
080
_a
030
100
_a
23
101
_a
ENC
245
_a
ENCYCLOPEDIA OF THE AMERICAN REVOLUTION
_c
BOATNER, M.M
942
_2
udc
_c
BK
999
_c
20123
_d
20123